LEADER 01710nam a22003491i 4500 001 991002476649707536 005 20040323191813.0 008 040407m19141926it |||||||||||||||||lat 035 $ab12928355-39ule_inst 035 $aARCHE-090796$9ExL 040 $aDip.to Scienze Storiche$bita$cA.t.i. Arché s.c.r.l. Pandora Sicilia s.r.l. 082 04$a945.511 100 1 $aBruni, Leonardo$d<1369-1444>$0291162 245 10$aLeonardo Bruni Aretino Historiarum florentini populi, Libri XII, e Rerum suo tempore gestarum commentarius /$ca cura di Emilio Santini e Carmine di Pierro 250 $aNuova ed. riv. ampliata e corretta /$bcon la direzione di Giosuč Carducci e Vittorio Fiorini ; [poi] Giosuč Carducci, Vittorio Fiorini, Pietro Fedele 260 $aCittą di Castello :$bS. Lapi ;$a[poi] Bologna :$bN. Zanichelli,$c1914-1926 300 $aXXIV, 472 p. ;$c31 cm 440 0$aRerum italicarum scriptores : raccolta degli storici italiani dal Cinquecento al Millecinquecento / ordinata da L. A. Muratori ;$v19.3 500 $aPubbl. a fascicoli 651 4$aFirenze$xStoria$ySec. 5. 700 1 $aSantini, Emilio 700 1 $aDi Pierro, Carmine 700 1 $aMuratori, Lodovico Antonio 700 1 $aCarducci, Giosuč 700 1 $aFiorini, Vittorio 700 1 $aFedele, Pietro 907 $a.b12928355$b02-04-14$c16-04-04 912 $a991002476649707536 945 $aLE009 MSM V Coll. 43/19.3$g1$iLE009S.i.-00259$lle009$o-$pE0.00$q-$rn$so $t0$u0$v0$w0$x0$y.i13502232$z16-04-04 996 $aLeonardo Bruni Aretino Historiarum florentini populi, Libri XII, e Rerum suo tempore gestarum commentarius$9304196 997 $aUNISALENTO 998 $ale009$b16-04-04$cm$da $e-$flat$git $h0$i1 LEADER 01305nam a2200301 i 4500 001 991002965779707536 008 071023s2007 riua b 100 0 eng d 020 $a0821840614 024 3 $a9780821840610 035 $ab13609191-39ule_inst 040 $aDip.to Matematica$beng 082 04$a515.73 084 $aAMS 46-06 084 $aLC QA323b.C66 111 2 $aConference on Function Spaces$n<5. ;$d2006 ;$cSouthern Illinois University Edwardsville>$0626694 245 10$aFunction spaces :$bFifth conference on function spaces, May 16-20, 2006, Southern Illinois University, Edwardsville, Illinois /$cKrzysztof Jarosz, editor 260 $aProvidence, R. I. :$bAmerican Mathematical Society,$cc2007 300 $av, 394 p. :$bill. ;$c26 cm 440 0$aContemporary mathematics,$x0271-4132 ;$v435 504 $aIncludes bibliographical references 650 0$aFunction spaces$vCongresses 700 1 $aJarosz, Krzysztof$eauthor$4http://id.loc.gov/vocabulary/relators/aut$056747 907 $a.b13609191$b28-01-14$c23-10-07 912 $a991002965779707536 945 $aLE013 46-XX JAR12 (2007)$g1$i2013000206776$lle013$op$pE86.63$q-$rl$s- $t0$u0$v0$w0$x0$y.i14620364$z28-11-07 996 $aFunction spaces$91463585 997 $aUNISALENTO 998 $ale013$b23-10-07$cm$da $e-$feng$griu$h0$i0